000 01852nam a2200493 i 4500
001 24974
003 KOSZ 005
005 20200624113907.0
008 980702s1995 pl a f |001 0 pol
015 _aUWD 1996/1560
020 _a8309015615
035 _a991003888249705066
035 _a(PL-WaBN)b11036448-48omnis_nlop
035 _ab11036448
035 _a(OCoLC)835180941
035 _a(PL)b0000001103644
035 _a(EXLNZ-48OMNIS_NETWORK)9910076547605606
040 _aWA N
_cWA N
_dKOSZ 005/EG
080 _a631.4
080 _a(075.8)
245 1 0 _aGleboznawstwo :
_bpraca zbiorowa /
_cpod red. nauk. B[ohdana] Dobrzańskiego, S[aturnina] Zawadzkiego ; [zespół aut. B. Dobrzański et al.].
250 _aWyd. 3 popr.
260 _aWarszawa :
_bPańst. Wydaw. Rolnicze i Leśne,
_c1995.
300 _a561, [3] s., [6] k. tabl. kolor., [2] k. tabl. złoż., luzem :
_bfot., mapy (w tym kolor.), rys., wykr. ;
_c24 cm.
336 _2rdacontent
_aTekst
_btxt
337 _2rdamedia
_aBez urządzenia pośredniczącego
_bn
338 _2rdacarrier
_aWolumin
_bnc
380 _aKsiążki
380 _aPublikacje dydaktyczne
385 _mPoziom nauczania
_aSkoły wyższe
388 _a1901-2000
388 _a1989-2000
504 _aBibliogr. s. 529-531. - Indeks.
521 _aPodręcznik dla studentów akademii rolniczych.
650 7 _aGleboznawstwo
_2DBN
655 7 _aPodręczniki akademickie
_2DBN
658 _aRolnictwo i leśnictwo
700 1 _aDobrzański, Bohdan
_d(1909-1987)
_eRedakcja
700 1 _aZawadzki, Saturnin
_d(1923-2003)
_eRedakcja
710 2 _aPaństwowe Wydawnictwo Rolnicze i Leśne
856 _uhttp://koha.tu.koszalin.pl/cgi-bin/koha/opac-detail.pl?biblionumber=24974
_yKatalog online BPK
942 _2UKD
_cKS
999 _c24974
_d24974